Reflexie určovania polohy v pozemnej doprave

Bibliographic Details
Main Author: Zelem, Ján, 1946- (Author)
Format: Book
Language:Slovak
PhysicalDescription:133 s. fotogr., sch., tab. 25 cm
Published: V Žiline Žilinská univerzita 2005
ISBN:8080702993
Edition:1. vyd.
Series:Monografie
Subjects:

MARC

LEADER 00000nam a2200000 a 4500
001 vtls008297691
003 SK-MaSNL
005 20260301042509.0
008 240315s2004 xo ol d p 000 0 slo
015 |a SNBA2005/12-05051 
020 |a 8080702993  |q (viaz.) 
035 |a 68D1DD42-7EF0-4AF2-B08F-C1EFC6A60370 
035 |a urn:nbn:sk:snk-aml8ex 
035 |a urn:nbn:sk:snk-am008scv 
040 |a SNK  |b slo  |c SNK  |e AACR2 
041 0 |a slo 
044 |a xo  |c SK 
072 7 |a 656.1/.5  |x Pozemná doprava  |2 konspekt 
080 |a 004  |2 MDT-MRF 
080 |a 621.39+004.7  |2 MDT-MRF 
080 |a 007+004  |2 MDT-MRF 
080 |a 621.39-026.26  |2 MDT-MRF 
080 |a (075.8)  |2 MDT-MRF 
080 |a 656.1/.5  |2 MDT-MRF 
100 1 |a Zelem, Ján,  |d 1946-  |4 aut  |9 151762 
245 1 0 |a Reflexie určovania polohy v pozemnej doprave  |c Ján Zelem 
250 |a 1. vyd. 
260 |a V Žiline  |b Žilinská univerzita  |c 2005 
300 |a 133 s.  |b fotogr., sch., tab.  |c 25 cm 
490 1 |a Monografie 
504 |a Bibliogr. s. 129-133. Použ. skrat. a symboly 
506 |a 150 výtl. 
650 0 7 |a pozemná doprava  |2 SNKPH  |9 51139 
650 0 7 |a informačné technológie  |2 SNKPH  |9 1527 
650 0 7 |a komunikačné technológie  |2 SNKPH  |9 1529 
650 0 7 |a informačné systémy  |2 SNKPH  |9 1128 
650 0 7 |a mobilné komunikačné systémy  |2 SNKPH  |9 69769 
655 7 |a učebnice vysokých škôl  |2 SNKPH  |9 70191 
752 |a Slovensko  |d Žilina 
810 2 |a Žilinská univerzita v Žiline  |t Monografie  |9 301815 
919 |a 80-8070-299-3 
958 |a OND 
968 |d 65 
999 |c 591113  |d 593043 
952 |a SNK  |b SNK  |y VYP  |7 0  |p 17A0484150  |o snkSC 121228 D1  |i snk2005/15448  |8 0  |0 0  |1 0  |4 0  |d 2005-09-14  |l 0  |r 2026-02-23 15:24:08  |w 2026-02-23 
952 |a SNK  |b SNK  |y PREZ  |7 0  |p 17A0484151  |o snkSC 121228  |i snk2005/15447  |8 0  |0 0  |1 0  |4 0  |d 2005-09-14  |f 1  |l 0  |r 2025-05-30 00:00:00  |w 2026-02-23